Selected examples of bioclimatic analysis applying the physiologically equivalent temperature in Hungary

Összefoglalás : Cikkünkben bioklimatológiai elemzést végzünk az ún. Fiziológiailag Equivalens Hőmérséklet (PET) index felhasználásával először Magyarország egész területén (1 km-es felbontású bioklíma térkép segítségével). A bioklíma térképek a PET index térbeli eloszlását mutatják Magyarországon eg...

Teljes leírás

Elmentve itt :
Bibliográfiai részletek
Szerzők: Gulyás Ágnes
Matzarakis Andreas
Dokumentumtípus: Cikk
Megjelent: 2007
Sorozat:Acta climatologica 40-41
Kulcsszavak:Bioklimatológia
Tárgyszavak:
Online Access:http://acta.bibl.u-szeged.hu/16899
LEADER 01923nab a2200229 i 4500
001 acta16899
005 20220510133515.0
008 161015s2007 hu o 0|| eng d
022 |a 0563-0614 
040 |a SZTE Egyetemi Kiadványok Repozitórium  |b hun 
041 |a eng 
100 1 |a Gulyás Ágnes 
245 1 0 |a Selected examples of bioclimatic analysis applying the physiologically equivalent temperature in Hungary  |h [elektronikus dokumentum] /  |c  Gulyás Ágnes 
260 |c 2007 
300 |a 37-46 
490 0 |a Acta climatologica  |v 40-41 
520 3 |a Összefoglalás : Cikkünkben bioklimatológiai elemzést végzünk az ún. Fiziológiailag Equivalens Hőmérséklet (PET) index felhasználásával először Magyarország egész területén (1 km-es felbontású bioklíma térkép segítségével). A bioklíma térképek a PET index térbeli eloszlását mutatják Magyarországon egy téli (február) és egy nyári (augusztus) hónapban. Majd két szinoptikai állomás (Szombathely és Sopron) 1996 és 1999 között rögzített adataiból számított PET értékek alapján részletes elemzésben hasonlítjuk össze a két város főbb bioklimatológiai jellegzetességeit. Summary : In this study, maps were created that show the geographical distribution of Physiologically Equivalent Temperature (PET) values in February and August for the area of Hungary, with a resolution of 1 km. For the further analysis of the thermal bioclimate, data of the synoptical stations of Szombathely and Sopron, recorded from 1996 to 1999, has been used. This study provides a detailed analysis and comparison of the bioclimatic properties of these locations. 
650 4 |a Természettudományok 
650 4 |a Föld- és kapcsolódó környezettudományok 
695 |a Bioklimatológia 
700 0 1 |a Matzarakis Andreas  |e aut 
856 4 0 |u http://acta.bibl.u-szeged.hu/16899/1/climatologica_040_041_037-046.pdf  |z Dokumentum-elérés